Central Library OPAC University of Rajshahi

Chemical equilibrium and solutions; (Record no. 10458)

MARC details
000 -LEADER
fixed length control field 00876nam a22002651 4500
001 - CONTROL NUMBER
control field 10458
003 - CONTROL NUMBER IDENTIFIER
rucl marc code BD-RjUL
005 - DATE AND TIME OF LATEST TRANSACTION
control field 20211208234946.0
008 - FIXED-LENGTH DATA ELEMENTS--GENERAL INFORMATION
fixed length control field 140123s1967 nyua bp 001 0 eng
035 ## - SYSTEM CONTROL NUMBER
System control number (BD-RjUL)10506
040 ## - CATALOGING SOURCE
Original cataloging agency DLC
Transcribing agency DLC
Modifying agency DLC
-- BD-RjUL
Language of cataloging eng
041 ## - LANGUAGE CODE
Language code of text/sound track or separate title eng
082 00 - DEWEY DECIMAL CLASSIFICATION NUMBER
Classification number 541.34077
Author mark and year BAC
100 1# - MAIN ENTRY--PERSONAL NAME
Personal name Banks, James E.
9 (RLIN) 32314
245 10 - TITLE STATEMENT
Title Chemical equilibrium and solutions;
Remainder of title a programmed introduction
Statement of responsibility, etc. [by] James E. Banks.
260 ## - PUBLICATION, DISTRIBUTION, ETC. (IMPRINT)
Place of publication, distribution, etc. New York :
Name of publisher, distributor, etc. McGraw-Hill ,
Date of publication, distribution, etc. c1967.
300 ## - PHYSICAL DESCRIPTION
Pagination x, 172 p. :
Illustrations illus. ;
Size 23 cm.
504 ## - BIBLIOGRAPHY, ETC. NOTE
Bibliography, etc Includes bibliographies and index.
650 #0 - SUBJECT ADDED ENTRY--TOPICAL TERM
Topical term or geographic name as entry element Chemical equilibrium
General subdivision Programmed instruction.
9 (RLIN) 32315
Topical term or geographic name as entry element Solution (Chemistry)
General subdivision Programmed instruction.
9 (RLIN) 32316
Topical term or geographic name as entry element Electrolyte solutions
General subdivision Programmed instruction.
9 (RLIN) 32317
942 ## - ADDED ENTRY ELEMENTS (KOHA)
Source of classification or shelving scheme Dewey Decimal Classification
Koha item type Books
Holdings
Lost status Source of classification or shelving scheme Damaged status Not for loan Collection code Permanent Location Current Location Shelving location Date acquired Source of acquisition Cost, normal purchase price Total Checkouts Full call number Date last seen Copy number Koha item type
  Dewey Decimal Classification   Not For Loan Non-fiction Central Library, University of Rajshahi Central Library, University of Rajshahi   14/06/1991 Canada gift 0.00   541.34077 BAC 1967 23/01/2014 C-1 Books